Modi verbali dell'italiano - Statistics

Statistiche generali
  • Questo quiz è stato fatto 77 volte
  • Il punteggio medio è 6 su 7
Statistiche sulle risposte
Tipo Modo % Corretto
Tempi finiti Indicativo
100%
Congiuntivo
99%
Condizionale
97%
Gerundio
90%
Imperativo
86%
Tempi indefiniti Infinito
86%
Participio
83%
Nessun quiz corrispondente trovato
Distribuzione punteggi
Percentuale di utenti per punteggio
Percentile per numero di risposta
I tuoi punteggi nel tempo
Non hai fatto questo quiz